000 00571nam a2200157 a 4500
008 120416s1966 ||||||||||||||||| || u
050 _aKD 188 Gla
100 _aGlass, Harold H
245 1 4 _aThe Liability of employers in damages for personal injury
260 _aSidney
_bThe Law Book
_c1966
300 _axxxi, 292p.
350 _a0.00
650 _aLAW
650 _aLIABILITY--EMPLOYERS--LAW AND LEGISLATION
995 _D0.00
_FCBU-MAIN LIBRARY (Kitwe)
_H1
_I5.05
_M1
_UAVAILABLE
_ZAnnex Low-Usage Collection
999 _c49142
_d49142